Quick Pick: Equator Countries Quiz Stats

Quiz Updated Apr 6, 2016

Challenge
Share
Tweet
Embed
Score 0/13 Timer 01:00
0 Plays Today
% Correct
Ecuador
88.2%
Brazil
85%
Democratic Republic of the Congo
75.8%
Republic of the Congo
71.3%
Indonesia
68.3%
Colombia
65.9%
Kenya
64.7%
Gabon
54.1%
Somalia
51.1%
Uganda
49.1%
São Tomé & Príncipe
47.6%
Maldives
44.9%
Kiribati
33.7%

Today's Daily Dose

Missing Word
NPR Programs

Quick Pick
1991 Events

On This Day
June 18th II

You're not logged in!

Compare scores with friends on all Sporcle quizzes.
Join for Free
OR
Log In

You Might Also Like...

Show Comments

Extras

Top Quizzes Today


Score Distribution

Your Account Isn't Verified!

In order to create a playlist on Sporcle, you need to verify the email address you used during registration. Go to your Sporcle Settings to finish the process.

Report this User

Report this user for behavior that violates our Community Guidelines.

Details: